000
00212 a2200097 4500
001
26806
100
_a
Downey, J
245
_a
Management in the armed forces
260
_a
_b
McGraw-Hill
_c
090
_c
18040
_d
18040
942
_a
NUST-CAE
_c
M
_c
8937
999
_c
261879
_d
261879